Slovenská koruna vďaka podpore NBS i komerčných bánk odolala tlaku špekulantov

Bibliographic Details
Main Authors: Kovalčík, Ján (Author), Jusko, Marián (Author)
Format: Article
Language:Slovak
Subjects:

MARC

LEADER 00000nab a2200000 a 4500
001 vtls000625800
003 SK-MaSNL
005 20260305014956.0
008 160324c1997 xo 0 slo
015 |a SNBRB19rr/mm-uuuuu 
035 |a CL0625939 
040 |a SNKBUCL  |b slo  |c SNKBUCL  |e AACR2 
041 0 |a slo 
044 |a xo  |c SK 
080 |a 336.745(437.6):336.711.6(437.6)  |2 1981 
080 |a 336.711.6(437.6)  |2 1981 
080 |a 336.745(437.1/.2)  |2 1981 
080 |a 336.711.6(437.1/.2)  |2 1981 
100 1 |a Kovalčík, Ján  |4 aut  |9 7382 
245 1 0 |a Slovenská koruna vďaka podpore NBS i komerčných bánk odolala tlaku špekulantov  |c Ján Kovalčík 
610 2 7 |a Národná banka Slovenska  |2 SNKKA  |9 14536 
610 2 7 |a Česká národná banka  |2 SNKKA  |9 639133 
650 0 7 |a trh peňažný  |2 snkbucl  |9 894068 
650 0 7 |a banky  |2 snkbucl  |9 2103 
650 0 7 |a likvidita  |2 snkbucl  |9 161282 
650 0 7 |a menová politika  |2 snkbucl  |9 2307 
651 7 |a 5100  |2 snkbucl  |9 166206 
655 7 |a články z novín a časopisov  |2 snkbucl  |9 267496 
700 1 |a Jusko, Marián  |4 aut  |9 613311 
773 0 |t Trend  |g Č. 22 (1997), s. 11A 
850 |a Slovenská národná knižnica v Martine  |a MTA001 
852 |a SNK  |b KIS3GCP 
958 |a SK 
958 |a CZ 
958 |a RK 
958 |a RBX 
999 |c 3272384  |d 3274314